000 01049cam a22003257a 4500
003 CHAP
005 20220817041557.0
008 971013s1972 r 00010 d
010 _a18543
011 _a19515
035 _a23600
040 _cCHAP
090 _aFolleto 336
110 _aDesarrollo Agropecuario Ejidal de Sinaloa
_931965
245 1 3 _aLa sección de consumo; metodología y proyección Ejido Jahuara II
260 _aCuliacán, Sin. :
_b(s.e),
_c1972
300 _a26 h.
_b: anexo
490 0 _aManuales técnicos
_v; 4
590 _aBATCH-UPD
_b10
_c20130110
_lUCH01
_h1635
590 _aBATCH-UPD
_b10
_c20130410
_lUCH01
_h1026
590 _aBATCH-UPD
_b10
_c20130914
_lUCH01
_h0125
590 _aCONVERSION
_b10
_c20130109
_lUCH01
_h1311
650 1 4 _aAlimentos
_xAbastecimiento.
650 1 4 _aSociedades cooperativas
_xColima.
_9108124
650 1 4 _aSociedades mercantiles.
_9108146
830 0 _aManuales técnicos
_v; 4
_970697
901 _aBK
942 _cFOLL
949 _aFolleto 336
_bBC
_cFOLL
_d-54821
_eTS1
_i23600
_mD
_si
999 _c18543
_d18543